The global arms trade : a handbook (Record no. 50710)

MARC details
000 -LEADER
fixed length control field 00701nam a2200217Ia 4500
008 - FIXED-LENGTH DATA ELEMENTS--GENERAL INFORMATION
fixed length control field 191130s2010##################000#0#eng##
020 ## - INTERNATIONAL STANDARD BOOK NUMBER
ISBN 9781857434972
082 ## - DEWEY DECIMAL CLASSIFICATION NUMBER
Classification number 382.456234 TAN
245 ## - TITLE STATEMENT
Title The global arms trade : a handbook
Statement of responsibility, etc editor by Andrew T.H. Tan
250 ## - EDITION STATEMENT
Edition statement 1st ed
260 ## - PUBLICATION, DISTRIBUTION, ETC. (IMPRINT)
Place of publication London ; New York
Name of publisher Routledge
Year of publication 2010
300 ## - PHYSICAL DESCRIPTION
Number of Pages xxiv, 390 p. : ill. ; 26 cm.
500 ## - GENERAL NOTE
General note Includes bibliographical references and index
650 ## - SUBJECT ADDED ENTRY--TOPICAL TERM
Topical Term Arms transfers -- History -- 21st century
Topical Term Defense industries -- History -- 21st century
700 ## - ADDED ENTRY--PERSONAL NAME
Personal name Tan, Andrew T. H
991 ## -
-- 316973
Holdings
Withdrawn status Lost status Damaged status Not for loan Home library Current library Shelving location Date acquired Full call number Accession Number Price effective from Koha item type
        Anna Centenary Library Anna Centenary Library 4TH FLOOR, B WING 09.10.2020 382.456234 TAN 149978 09.10.2020 English Books

Find us on the map